000 01277nam a2200229Ia 4500
001 A085-34673
003 IT-CnALBA
008 170116s9999||||xx |||||||||||||| ||und||
040 _aIT-CnALBA
_cIT-CnALBA
041 _aPOLIGLOTTA
100 _aBOSSUET JACQUES-BENIGNE VESCOVO DI MEAUX
245 0 _aOPERE. MEMORIE. RAPPORTO ALLA STAMPA DELLE OPERE DOTTRINALI COMPOSTE DAI VESCOVI. TOMO XLIX.
250 _a1a ed.
260 _a VENEZIA
_bZERLETTI PIETRO (PRESSO)
_c1799 [1° Ed.:1799]
300 _a245 p.
500 _aOPERE DEI VESCOVI. USURA SECONDO LA LEGGE ISRAELITICA. VANGELO CONTRO L'USURA. PROIBIZIONE DELLA LEGGE DIVINA ED ECCLESIASTICA. CENSURA DI ALCUNE PROPOSIZIONI. GRAZIA AMORE DI DIO DUELLO. IL SACRAMENTO DELLA PENITENZA. DECRETO SULLA DISCIPLINA MORALE. FED
501 _aSocietà San Paolo EM - Piazza San Paolo, 14 - 12051 ALBA (CN) (non commercial uses only) ® Copyright 2017
520 _aOPERE DEI VESCOVI. USURA SECONDO LA LEGGE ISRAELITICA. VANGELO CONTRO L'USURA. PROIBIZIONE DELLA LEGGE DIVINA ED ECCLESIASTICA. CENSURA DI ALCUNE PROPOSIZIONI. GRAZIA AMORE DI DIO DUELLO. IL SACRAMENTO DELLA PENITENZA. DECRETO SULLA DISCIPLINA MORALE. FED
650 _aRACCOLTE DI CARATTERE GEN. IN ITALIANO
942 _cBK
957 _71
999 _a39442
_bSI
_g Copie: 1
_c293506
_d293506